00651nam a2200217Ia 4500003000900000008004100009040001300050040001300063041000800076100001900084245003200103250002200135260001500157260000900172300001100181300001000192490000600202942000700208999001700215952020100232IT-RoPAU120407s9999 xx 000 0 und d aIT-RoPAU cIT-RoPAU aeng aWright Assison 4aThe literary genre Midrash. aStaten Island, NY aAlba House c1967 a164 p. c21 cm v1 cBK c26757d26757 00102ddc406220_600000000000000_471aPAULUSbPAULUSd2012-04-11l0o220.6.4r2012-04-11 00:00:00w2012-04-11yBKzInserito da: Jole In data: 27 settembre 2011 fondo: Via A.Severo 56 Progr:35116